| 000 -LEADER |
| fixed length control field |
00551nam a22001457a 4500 |
| 020 ## - INTERNATIONAL STANDARD BOOK NUMBER |
| ISBN |
9780691036991 |
| 082 ## - DEWEY DECIMAL CLASSIFICATION NUMBER |
| Classification number |
519.23 |
| Item number |
St849 1994 |
| 100 ## - MAIN ENTRY--AUTHOR NAME |
| Personal name |
Stewart, William J., author. |
| 245 ## - TITLE STATEMENT |
| Title |
Introduction to the numerical solution of markov chains / William J. Stewart. |
| 260 ## - PUBLICATION, DISTRIBUTION, ETC. (IMPRINT) |
| Place of publication |
Princeton, N.J. : |
| Name of publisher |
Princeton University Press, |
| Year of publication |
1994. |
| 300 ## - PHYSICAL DESCRIPTION |
| Number of Pages |
1 online resource, xix, 539 pages : |
| Other physical details |
illustrations (some color). |
| 500 ## - GENERAL NOTE |
| General note |
Includes bibliographical references and index. |
| 650 ## - SUBJECT ADDED ENTRY--TOPICAL TERM |
| Topical Term |
Markov chains -- Numerical solutions |
| 942 ## - ADDED ENTRY ELEMENTS (KOHA) |
| Koha item type |
Electronic Books |